| 000 | 00910nam a2200253Ia 4500 | ||
|---|---|---|---|
| 001 | 15124 | ||
| 003 | GE_BSU | ||
| 008 | 181216s||||||||xx |||||||||||||| ||und|| | ||
| 040 | _cGE_BSU | ||
| 080 | _a004(075.8) | ||
| 245 | _aВычислительная техника в инженерных и экономических расчетах | ||
| 245 | _cПод.ред.А.В.Петрова | ||
| 250 | _a2-е изд. | ||
| 260 | _aМосква | ||
| 260 | _bВысшая школа | ||
| 260 | _c1984 | ||
| 300 | _a320стр.22см. | ||
| 653 | _aВычислительная техника в инженерных и экономических расчетах | ||
| 653 | _aИнжинерия | ||
| 653 | _aИнформатика | ||
| 653 | _aИнформационные технологии | ||
| 653 | _aსაინფორმაციო ტექნოლოგიები | ||
| 942 | _cBK | ||
| 999 |
_c48240 _d48240 |
||